00531nam a22001697a 450000500170000001000130001702000260003003500120005603700160006808200080008410000310009224500690012324600370019226000530022927000580028230000210034020221208101937.0 aUR-11777 a9789393785510c350.00 aU-10332 bDBAD/PUBa- a846 aالیاس الا عظمی aافادات ثبلی /cالیاس الا عظمیhا ر د و aEfadat-E-Shibli /bby Ilyas Azmi aNew DelhibEducational Publishing Housec2022 ء aH.O. D1/16, Ansari Road, DaryaganjbNew Delhie110002 a224 صc22cm(Hb)